Normale Ansicht MARC-Ansicht ISBD

Macht der Unordnung : (Titelsatznr. 38920)

[ MARC ]
MARC-Details
000 -Satzkennung
Kontrollfeld mit fester Länge 00747nam a22002651c 4500
001 - Kontrollnummer
Kontrollfeld a987676807
008 - Feld mit fester Länge zur physischen Beschreibung - Allgemeine Angaben
Kontrollfeld mit fester Länge 160506s2016 gw |||| 000u ger d
020 ## - Internationale Standardbuchnummer
Internationale Standardbuchnummer 9783868542981
Verknüpfung 978-3-86854-298-1
041 ## - Sprachcode
Sprachcode des Textes/der Tonspur oder des separaten Titels ger
040 ## - Katalogisierungsquelle
Übertragungsstelle RU-10907106
003 - Kontrollnummer Identifier
Kontrollfeld RU-10907106
100 1# - Haupteintragung - Personenname
Personenname Teichmann , Christian
245 00 - Titel
Titel Macht der Unordnung :
Zusatz zum Titel Stalins Herrschaft in Zentralasien 1920-1950 /
Verfasserangabe etc. Christian Teichmann
264 ## - Produktion, Veröffentlichung, Distribution, Herstellung und Urheberrechtsvermerk
Herstellungs-, Veröffentlichungs- Vertriebs-, Erzeugungsort Hamburg :
Produzent, Herausgeber, Distributor, Hersteller Hamburger Edition,
Datum der Herstellung, der Veröffentlichung, des Vertriebs oder des Urheberschutzvermerks 2016
300 ## - Physische Beschreibung
Umfang S.
490 #0 - Gesamttitelangabe
Gesamttitelangabe Studien zur Gewaltgeschichte des 20. Jahrhunderts
648 #0 - Nebeneintragung unter einem Schlagwort - Zeitschlagwort
Zeitschlagwort 1920-1950
650 #0 - Nebeneintragung unter einem Schlagwort - Sachschlagwort
Sachschlagwort oder geografischer Name als Eintragungselement Stalinismus
650 #0 - Nebeneintragung unter einem Schlagwort - Sachschlagwort
Sachschlagwort oder geografischer Name als Eintragungselement Baumwollwirtschaft
650 #0 - Nebeneintragung unter einem Schlagwort - Sachschlagwort
Sachschlagwort oder geografischer Name als Eintragungselement Planwirtschaft
650 #0 - Nebeneintragung unter einem Schlagwort - Sachschlagwort
Sachschlagwort oder geografischer Name als Eintragungselement
651 #0 - Nebeneintragung unter einem Schlagwort - Geografischer Name
Geografischer Name Sowjetunion
651 #0 - Nebeneintragung unter einem Schlagwort - Geografischer Name
Geografischer Name Zentralasien
942 ## - Zusätzliche Felder (Koha)
Koha-Medientyp Monographien
Exemplare
Ausgeschieden Verloren Klassifikation oder Aufstellungssystematik Beschädigt Nicht entleihbar Heimatbibliothek Aufenthaltsbibliothek Aufstellungsort Erwerbungsdatum Inventarnummer Signatur Barcode Letzte Aktivität Preis gültig von Koha-Medientyp
    Andere/Generische Klassifikation     MWN Osteuropa MWN Osteuropa Magazin - 2 06/05/2016 16-02572 R 62 n Z-Asi 11 E0040150790BAC00 23/02/2021 22/03/2021 Monographien